Paroles - Elle a les yeux revolver - Marc Lavoine - Statistiques

Statistiques générales
  • Ce quiz a été pris 2 857 fois
  • Le résultat moyen est 141 sur 182
Statistiques - réponses
Paroles % Correct
a
100%
A
100%
elle
100%
Elle
100%
Le
100%
le
100%
les
99%
Les
99%
regard
99%
revolver,
99%
revolver
99%
yeux
99%
la
98%
qui
98%
tue
98%
première,
97%
tiré
97%
C'est
96%
c'est
96%
foutu
96%
m'a
96%
touché,
95%
touché
95%
ça
86%
en
86%
Et
86%
est
85%
de
84%
arrière
83%
cheveux
83%
Un
83%
un
83%
j'aime
82%
je
82%
célibataire
81%
des
80%
peu
80%
visage
79%
comme
78%
pâle,
78%
se
76%
spéciale,
74%
si
72%
belle
68%
belle,
68%
quand
67%
Tell'ment
67%
tell'ment
67%
fort
66%
jupes
66%
l'aime
66%
sous
66%
fendues
65%
sur
63%
dessine
61%
défendues
59%
devine
59%
histoires
58%
sort
56%
défendus
55%
dort
55%
malentendus
52%
seule
52%
Terre
51%
faire
48%
On
48%
l'amour
46%
femme
45%
femme,
45%
moments
41%
toujours
41%
mains
40%
mord
40%
vit
40%
gestes
36%
moi
35%
rêve
35%
tendues,
34%
draps
24%
inconnus,
24%
larguée,
24%
Son
23%
corps
17%
s'achève
13%
Aucun quiz correspondant
Distribution des résultats
% des personnes avec chaque résultat
Percentile par nombre de réponses
Votre historique - résultats
Vous n’avez pas pris ce quiz